Historia en imágenes del Crucero Alemán SMS Dresden
שמור ב:
| מחבר ראשי: | |
|---|---|
| פורמט: | ספר |
| שפה: | ספרדית |
| יצא לאור: |
Santiago
RIL Editores
2010
|
| מהדורה: | 1a. ed |
| נושאים: | |
| תגים: |
הוספת תג
אין תגיות, היה/י הראשונ/ה לתייג את הרשומה!
|
MARC
| LEADER | 00000cam a2200000 a 4500 | ||
|---|---|---|---|
| 001 | UCG5643 | ||
| 003 | CL-VaPUC | ||
| 008 | 110310e20100500CL |||||||||||||||||spa|d | ||
| 020 | |a 9789562847285 | ||
| 082 | 0 | 4 | |a 940.45 |b LAS |2 21 |
| 100 | |a Lascano, Diego M |e author |9 561986 | ||
| 245 | 1 | 0 | |a Historia en imágenes del Crucero Alemán SMS Dresden |
| 250 | |a 1a. ed | ||
| 300 | |a 509 p | ||
| 942 | |c BK | ||
| 945 | |d 20110310 00:00:00 |a jcampos | ||
| 260 | |a Santiago |b RIL Editores |c 2010 | ||
| 600 | 0 | 7 | |a SMS DRESDEN |2 CL-VaPUC |9 555350 |
| 650 | 7 | |a OPERACIONES NAVALES |2 CL-VaPUC |9 494907 | |
| 650 | 0 | |a Iconografía |9 267998 | |
| 583 | |a last modification |c 20120420 10:53:34 |k Rodrigo Vera | ||
| 999 | |c 344046 |d 344044 | ||
| 952 | |0 0 |1 0 |4 0 |6 940_450000000000000_LAS_2010 |7 0 |8 X |9 441811 |a FDOBUD |b FDOBUD |d 2019-11-22 |i 4749081 |o 940.45 LAS 2010 |p 4749081 |r 2019-11-22 |w 2019-11-22 |y BK_X |k BUD | ||
| 952 | |0 0 |1 0 |4 0 |6 940_450000000000000_LAS_2010 |7 0 |8 A |9 441812 |a BIBHIS |b BIBHIS |d 2019-11-22 |i 4777840 |l 1 |o 940.45 LAS 2010 |p 4777840 |r 2025-01-20 |s 2022-09-27 |w 2019-11-22 |y BK |k HIS | ||
| 952 | |0 0 |1 0 |4 0 |6 940_450000000000000_LAS_2010 |7 0 |8 A |9 441813 |a BIBING |b BIBING |d 2019-11-22 |i 4860233 |o 940.45 LAS 2010 |p 4860233 |r 2025-01-20 |w 2019-11-22 |y BK |k CUI | ||